Crown Dependencies of the United Kingdom - Statistics

General Stats
  • This quiz has been taken 53 times
  • The average score is 4 of 6
Answer Stats
Picture Answer % Correct
Isle of Man
100%
Jersey
96%
Guernsey
89%
Sark
44%
Alderney
38%
Herm
29%
No matching quizzes found
Score Distribution
Percent of People with Each Score
Percentile by Number Answered
Your Score History
You have not taken this quiz